000 00337nam a22001217a 4500
003 SGT
082 _a617.84
_bC23Y
100 _a YADAV, GAYATRI
245 _aCOMPARISION OF CBT AND MFR ALONG WITH CONVENTIONAL THERAPY IN PATIENTS WITH CERVICOGENIC HEADACHE
260 _aGURUGRAM
_bSGT UNIVERSITY
_c2023
300 _a97
942 _2ddc
_cTH
999 _c32177
_d32177